Joueurs de Roundnet FR - Division Baguette 2024 - Statistiques

Statistiques générales
  • Ce quiz a été pris 12 fois
  • Le résultat moyen est 50 sur 76
Statistiques - réponses
Nom des joueurs Équipe récurrente / Équipe du dernier tournoi joué en Baguette Club principal % Correct
Caux-Ramon Samy Hors Service Lyon
100%
Florinda Robin Clarké au Floor Toulouse
100%
Lahoud Karim Drop the Mulet Paris
100%
Maréchal Louis Pour Sophie Nomade
100%
Martin Gougenheim Clément Magniflicks Paris
100%
Tchita Oussama Ant-sama Paris
100%
Adnet Grégoire Mimoon Galactics Paris
86%
Alt Natacha Puces & Dives Toulouse
86%
Ameziane Dorian Pour Sophie Toulouse
86%
Augelet Victor Caresse Toulouse
86%
Baudry Jules Twin Towers Lyon
86%
Bouchemoua Yanis Derby Atlantique Paris
86%
Brun Thibaud Les Kabass Paris
86%
Burgaud Antoine Ant-sama Paris
86%
Cambois Victor Pierre Feuille Victor Lyon
86%
Chervin Simon Vicious Circles Lyon
86%
Clark Auxence Clarké au Floor Montpellier
86%
Cornut Lucas A Brun de Cor(nut) Lyon
86%
Danekas Ryan Tactical Joes Paris
86%
Devaud Antoine Vicious Circles Lyon
86%
Gautier Alec Derby Atlantique Paris
86%
Lacombe Hugo Hors Service Lyon
86%
Lafond Etienne Leftovers Toulouse
86%
Lecrosnier Pierre Pierre Feuille Victor Lyon
86%
Lemoine Emeric Stratosphemric Lyon
86%
Renimel Jérome Roundnet Bourguignon Paris
86%
Sandoz Aymeric Roundnet Bourguignon Paris
86%
Tremsal Luc Twin Towers Lyon
86%
Benabent Vincent Vincent / Thomas Toulouse
71%
Boulet Timothée Atommit Paris
71%
Brard Milian Kaboom Toulouse
71%
Buttet Pierre JuPikaï Nantes
71%
Chaulet Aurélien Les Truffades Clermont-Ferrand
71%
Chaulet Romain Les Truffades Clermont-Ferrand
71%
Dumargne Maxime Paté Limousin Paris
71%
Grégnanin Dorian Kaboom Toulouse
71%
Halphen Paul Good Swing Paris
71%
Heintzé Paul πR Paul Zach Clermont-Ferrand
71%
Hui Bon Hoa Olivier Tactical Joes Bordeaux
71%
Hullot Tom Leftovers Montpellier
71%
Jouve Louis Kabouve Montpellier
71%
Kervella Jean Les bleus de gex Clermont-Ferrand
71%
Manitch Kévin Els Dracs Toulouse
71%
Marc Baptiste Caresse Toulouse
71%
Rollois Alexandre Paté Limousin Paris
71%
Snoeck Marius The Last Dance Nomade
71%
Tauziede Alexandre Les bleus de gex Lyon
71%
Vinas Aimeric Els Dracs Grenoble
71%
Alliod Titouan Camille, Pose ce Pet Grenoble
57%
Blanchard Julien JuPïkaï Nantes
57%
Chapelière Erwan Roundnet Orléans Paris
57%
Hachard Pierre Les Capitaines de la marmite Paris
57%
Letang Benjamin Les Kabass Paris
57%
Nguyen Benoît Good Swing Paris
57%
Perez Thomas Vincent / Thomas Toulouse
57%
Saunier Olivier C'est pas clair Nantes
57%
Seity Zacharie πR Paul Zach Clermont-Ferrand
57%
Touzé Lancelot Les Capitaines de la marmite Nomade
57%
Van Hemelryck Théo The Last Dance Gif-sur-Yvette
57%
Folliet Antonin Drop the Mulet Grenoble
43%
Livet Benjamin C'est pas clair Nantes
43%
Prouteau Tristan C'est les Tristapierrosaurus Paris
43%
Rey Clément Les Maréchaux Toulouse
43%
Salles Rémi Camille, Pose ce Pet Grenoble
43%
Vicaire Thomas Atommit Paris
43%
Betton Maxime Pano Bordeaux
29%
d'Hauteville Vincent Chouchou Beignet Montpellier
29%
Gheeraert Paul Mimoon Galactics Paris
29%
Leleu Benoit BenFlo Lille
29%
Pechard Antoine Pano Bordeaux
29%
Sadrija Tristan Ben à ordures Nantes
29%
Secher Alexis Les Tibousec Nantes
29%
Boulay Dorian Les Tibousec Nantes
14%
Morel Romain Pains Perdus Paris
14%
Lompech Godelein Chouchou Beignet Montpellier
0%
Saussol Florentin BenFlo Lille
0%
Aucun quiz correspondant
Distribution des résultats
% des personnes avec chaque résultat
Percentile par nombre de réponses
Votre historique - résultats
Vous n’avez pas pris ce quiz